Programas de microfinanciamiento: incidencia en las mujeres más pobres. /
Este articulo analiza cómo, dentro del sistema financiero nacional de México, destacan los sistemas de microfinanciamiento y las cajas de ahorro
محفوظ في:
| المؤلف الرئيسي: | |
|---|---|
| التنسيق: | نص |
| الموضوعات: | |
| الوسوم: |
إضافة وسم
لا توجد وسوم, كن أول من يضع وسما على هذه التسجيلة!
|
MARC
| LEADER | 00000 a a2200000 04500 | ||
|---|---|---|---|
| 001 | 12441 | ||
| 003 | |||
| 040 | |||
| 100 | |a Cardero, María Elena | ||
| 245 | |a Programas de microfinanciamiento: |b incidencia en las mujeres más pobres. / |c María Elena Cardero | ||
| 520 | |a Este articulo analiza cómo, dentro del sistema financiero nacional de México, destacan los sistemas de microfinanciamiento y las cajas de ahorro | ||
| 650 | |a ECONOMIA | ||
| 650 | |a POBREZA | ||
| 650 | |a MUJERES | ||
| 650 | |a MEXICO | ||
| 773 | |g volumen 16, número 32; páginas 151-182 | ||
| 999 | |c 36426 |d 36426 | ||
